Spinoza (Record no. 621400)

MARC details
000 -LEADER
fixed length control field 00699nam a2200253Ia 4500
003 - CONTROL NUMBER IDENTIFIER
control field OSt
005 - DATE AND TIME OF LATEST TRANSACTION
control field 20220926011950.0
008 - FIXED-LENGTH DATA ELEMENTS--GENERAL INFORMATION
fixed length control field 220923b |||||||| |||| 00| 0 eng d
037 ## - SOURCE OF ACQUISITION
Terms of availability General Book
040 ## - CATALOGING SOURCE
Original cataloging agency RTL
Transcribing agency RTL
Language of cataloging eng
041 ## - LANGUAGE CODE
Source of code eng
Language code of text/sound track or separate title eng
100 ## - MAIN ENTRY--PERSONAL NAME
Personal name Pollock Frederick
9 (RLIN) 78134
245 #0 - TITLE STATEMENT
Title Spinoza
Remainder of title His life and philosophy
250 ## - EDITION STATEMENT
Edition statement 2
260 ## - PUBLICATION, DISTRIBUTION, ETC.
Place of publication, distribution, etc. New York
Name of publisher, distributor, etc. American Scholar U. S. A.
Date of publication, distribution, etc. 1899
300 ## - PHYSICAL DESCRIPTION
Extent xxiv, 427p
Dimensions cm.
500 ## - GENERAL NOTE
General note Appendix p.387-418
650 ## - SUBJECT ADDED ENTRY--TOPICAL TERM
Topical term or geographic name entry element Philosophy-Spinoza
9 (RLIN) 315323
942 ## - ADDED ENTRY ELEMENTS (KOHA)
Classification part RwK32, C9
Koha item type General Books
Source of classification or shelving scheme Colon Classification (CC)
Holdings
Withdrawn status Lost status Damaged status Not for loan Home library Current library Date acquired Total Checkouts Full call number Barcode Date last seen Price effective from Koha item type
        Ratan Tata Library Ratan Tata Library 2022-09-26   RwK32 C9 RT0068000 2022-09-26 2022-09-26 General Books
Copyright @ Delhi University Library System